Music Quiz

Random Music or Artist Quiz

New Zealand Year-End Top 50 of 2010 Quiz Stats

 Plays Quiz not verified by Sporcle

Challenge
Share
Tweet
Embed
Score 0/50 Timer 08:00
0 Plays Today
Number Song Title % Correct
3.California Gurls
80.5%
46.TiK ToK
75.6%
17.Firework
73.2%
5.Airplanes
70.7%
44.Fireflies
70.7%
2.Love The Way You Lie
68.3%
11.Hey Soul Sister
68.3%
32.Telephone
68.3%
4.Just The Way You Are
65.9%
8.Dynamite
65.9%
21.Baby
65.9%
13.Billionaire
63.4%
35.F**k You
61%
26.Grenade
58.5%
31.Bad Romance
58.5%
12.Teenage Dream
56.1%
43.Poi E
56.1%
7.OMG
53.7%
9.If We Ever Meet Again
53.7%
29.Cooler Than Me
53.7%
40.Raise Your Glass
48.8%
6.Black Box
46.3%
16.Something In The Water
46.3%
23.Like a G6
46.3%
47.Empire State of Mind
46.3%
Number Song Title % Correct
37.Replay
43.9%
48.Need You Now
43.9%
1.You Got Me
41.5%
19.In My Head
41.5%
49.Magic
41.5%
24.Club Can't Handle Me
36.6%
27.Memories
36.6%
28.Whataya Want From Me?
36.6%
38.Not Afraid
36.6%
25.We No Speak Americano
34.1%
36.I Like It
34.1%
14.Only Girl (In The World)
31.7%
15.Choose You
31.7%
22.DJ Got Us Falling In Love
31.7%
34.Rude Boy
31.7%
39.Gettin' Over You
31.7%
42.Just a Dream
31.7%
18.Cruel
29.3%
30.The Time (Dirty Bit)
29.3%
50.We R Who We R
29.3%
10.Sun Goes Down
24.4%
41.Just A Little Bit
24.4%
45.Eenie Meenie
24.4%
33.Young Blood
22%
20.Takes Me Higher
19.5%

You're not logged in!

Compare scores with friends on all Sporcle quizzes.
Join for Free
OR
Log In

You Might Also Like...

Show Comments

Extras

Top Quizzes Today


Score Distribution

Your Account Isn't Verified!

In order to create a playlist on Sporcle, you need to verify the email address you used during registration. Go to your Sporcle Settings to finish the process.

Report this User

Report this user for behavior that violates our Community Guidelines.

Details: